Dias da semana em Português - Brasil - Statistics

Estatísticas Gerais
  • Esse quiz foi jogado 308 vezes
  • A pontuação média é 7 de 7
Estatísticas das Respostas
Hint Resposta % Correto
segunda feira
98%
quarta feira
96%
terça feira
95%
domingo
93%
quinta feira
92%
sexta feira
91%
sábado
88%
Nenhum quiz correspondente encontrado
Distribuição das Pontuações
Porcentagem de Pessoas com Cada Pontuação
Percentil de Números Respondidos
Sua Pontuação Histórica
Você não jogou esse quiz